00463 2200193 4500001002100000005001500021035002000036007000300056008004100059020001800100082001000118084001600128100001700144245003200161260004100193856001700234990000900251990000900260INLIS00000000000080820220907082918 a0010-0922000089ta220907 g 0 ind  a9789792671582 a398.2 a398.2 ANN m0 aAnna Martina1 aMengapa manusia berkeringat aJakarta :bArmandelta Selaras,c2009 aKoleksi Umum a3670 a3671